LEADER 03006nam 22006855 450 001 9910522566803321 005 20250626165058.0 010 $a3-030-92388-6 024 7 $a10.1007/978-3-030-92388-4 035 $a(MiAaPQ)EBC6882575 035 $a(Au-PeEL)EBL6882575 035 $a(CKB)21069025900041 035 $a(PPN)260829080 035 $a(DE-He213)978-3-030-92388-4 035 $a(EXLCZ)9921069025900041 100 $a20220204d2022 u| 0 101 0 $aeng 135 $aurcnu|||||||| 181 $ctxt$2rdacontent 182 $cc$2rdamedia 183 $acr$2rdacarrier 200 10$a12th International Symposium on High-Temperature Metallurgical Processing /$fedited by Zhiwei Peng, Jiann-Yang Hwang, Jesse F. White, Jerome P. Downey, Dean Gregurek, Baojun Zhao, Onuralp Yücel, Ender Keskinkilic, Tao Jiang, Morsi Mohamed Mahmoud 205 $a1st ed. 2022. 210 1$aCham :$cSpringer International Publishing :$cImprint: Springer,$d2022. 215 $a1 online resource (642 pages) 225 1 $aThe Minerals, Metals & Materials Series,$x2367-1696 300 $aIncludes indexes. 311 08$aPrint version: Peng, Zhiwei 12th International Symposium on High-Temperature Metallurgical Processing Cham : Springer International Publishing AG,c2022 9783030923877 330 $aThis collection includes the analysis, development, and operation of high-temperature processes that involve the extraction and processing of material resources, production, and treatment of metals, alloys, and ceramic materials. Contributions describe innovative methods for achieving property enhancement, impurity segregation and removal, byproduct recovery, waste minimization, energy efficiency, and utilization of complex ores. Also included are various technical, economic, and environmental issues associated with commercial-scale high-temperature processing methods. 410 0$aThe Minerals, Metals & Materials Series,$x2367-1696 606 $aMetals 606 $aMaterials 606 $aProduction engineering 606 $aMaterials$xAnalysis 606 $aHigh temperature plasmas 606 $aMetals and Alloys 606 $aMaterials Engineering 606 $aProcess Engineering 606 $aMaterials Characterization Technique 606 $aHigh Temperature Plasma 615 0$aMetals. 615 0$aMaterials. 615 0$aProduction engineering. 615 0$aMaterials$xAnalysis. 615 0$aHigh temperature plasmas. 615 14$aMetals and Alloys. 615 24$aMaterials Engineering. 615 24$aProcess Engineering. 615 24$aMaterials Characterization Technique. 615 24$aHigh Temperature Plasma. 676 $a620.11217 676 $a620.1617 702 $aPeng$b Zhiwei 801 0$bMiAaPQ 801 1$bMiAaPQ 801 2$bMiAaPQ 906 $aBOOK 912 $a9910522566803321 996 $a12th International Symposium on High-Temperature Metallurgical Processing$92918536 997 $aUNINA LEADER 03204nam 22007693u 450 001 9910969208703321 005 20250512214012.0 010 $a1-281-31940-6 010 $a9786611319403 010 $a0-470-77473-8 010 $a0-470-77770-2 035 $a(CKB)1000000000409264 035 $a(EBL)351524 035 $a(OCoLC)476172589 035 $a(SSID)ssj0000113067 035 $a(PQKBManifestationID)11140754 035 $a(PQKBTitleCode)TC0000113067 035 $a(PQKBWorkID)10098295 035 $a(PQKB)10506975 035 $a(MiAaPQ)EBC351524 035 $a(MiAaPQ)EBC7103382 035 $a(Au-PeEL)EBL7103382 035 $a(EXLCZ)991000000000409264 100 $a20131014d2008|||| u|| | 101 0 $aeng 135 $aur|n|---||||| 181 $ctxt 182 $cc 183 $acr 200 14$aThe Blackwell Guide to Theology and Popular Culture 210 $aHoboken $cWiley$d2008 215 $a1 online resource (366 p.) 225 1 $aBlackwell guides to theology 300 $aDescription based upon print version of record. 311 08$a1-4051-0698-0 327 $aContents; Acknowledgments; Introduction; Part I Theories of Popular Culture; 1 Popular Culture; 2 Cultural Studies; 3 Theology and Culture; 4 Theological Tools; Part II A Theology of Popular Culture; 5 Images of God; 6 Human Nature; 7 Sin; 8 Salvation; 9 Life Everlasting; Conclusion; Notes; Bibliography; Index 330 $aThe Blackwell Guide to Theology of Popular Culture outlines various general theories of popular culture, identifies theologians and theological concepts that are conducive to analyzing popular culture, and explores religious themes that are asserting themselves through popular movies, novels, music, television shows and advertising. A timely examination and contribution to the rapidly expanding field of theology and popular culture Locates the theological analysis of culture alongside political, sociological, economic, aesthetic and psychological analyses Surveys 410 0$aBlackwell guides to theology 606 $aChristianity 606 $aPopular culture 606 $aPopular culture - Religious aspects 606 $aPopular culture - Religious aspects - Christianity 606 $aReligious aspects 606 $aPopular culture$xReligious aspects$xChristianity 606 $aPopular culture$xReligious aspects 606 $aReligion$2HILCC 606 $aPhilosophy & Religion$2HILCC 606 $aChristianity$2HILCC 615 4$aChristianity. 615 4$aPopular culture. 615 4$aPopular culture - Religious aspects. 615 4$aPopular culture - Religious aspects - Christianity. 615 4$aReligious aspects. 615 0$aPopular culture$xReligious aspects$xChristianity. 615 0$aPopular culture$xReligious aspects. 615 7$aReligion 615 7$aPhilosophy & Religion 615 7$aChristianity 676 $a261 700 $aCobb$b Kelton$01788908 801 0$bAU-PeEL 801 1$bAU-PeEL 801 2$bAU-PeEL 906 $aBOOK 912 $a9910969208703321 996 $aThe Blackwell guide to theology and popular culture$94324230 997 $aUNINA